Five longest English words - Statistics

General Stats
  • This quiz has been taken 21 times
  • The average score is 3 of 5
Answer Stats
Hint Answer % Correct
5 Antidisestablishmentarianism
79%
1 Pneumonoultramicroscopicsilicovolcanoconiosis
68%
2 Supercalifragilisticexpialidocious
47%
4 Floccinaucinihilipilification
42%
3 Pseudopseudohypoparathyroidism
37%
No matching quizzes found
Score Distribution
Percent of People with Each Score
Percentile by Number Answered
Your Score History
You have not taken this quiz